书目信息 |
| 题名: |
神秘西夏
|
|
| 作者: | 杜建录 主编 | |
| 分册: | ||
| 出版信息: | 银川 宁夏人民出版社 2016 |
|
| 页数: | 286页 | |
| 开本: | 25cm | |
| 丛书名: | ||
| 单 册: | ||
| 中图分类: | K246.3 | |
| 科图分类: | ||
| 主题词: | 中国历史--西夏 | |
| 电子资源: | ||
| ISBN: | 978-7-227-06302-5 | |
| 000 | 00889nam0 2200229 450 | |
| 001 | 5310 | |
| 005 | 20180528193729.79 | |
| 010 | @a978-7-227-06302-5@dCNY78.00 | |
| 100 | @a20160627d2016 em y0chiy50 ea | |
| 101 | 0 | @achi |
| 102 | @aCN@b640000 | |
| 105 | @aa z 000yy | |
| 200 | 1 | @a神秘西夏@9shen mi xi xia@b专著@f杜建录主编 |
| 210 | @a银川@c宁夏人民出版社@d2016 | |
| 215 | @a286页@c图@d25cm | |
| 300 | @a宁夏社科规划重点委托项目 | |
| 330 | @a《神秘西夏》以大量的历史文献、文物、遗址、遗存考古取证为依据,用理性的心理学剖析手法和历史的辩证视角分析西夏的政治、经济、文化和军事现象,通过追述西夏王朝的整个过程,构筑了一个坚实的、以历史事实为积淀的平台,形成多元素、多线索、多角度并行的纪录方式,丰富了中国纪录片文字记述的新形态。 | |
| 606 | 0 | @a中国历史@y西夏 |
| 690 | @aK246.3@v5 | |
| 701 | 0 | @a杜建录@9DU JIAN LU@4主编 |
| 801 | 0 | @aCN@b91MARC@c20160705 |
| 905 | @aMuseLib@dK246.3@e26 | |
| 神秘西夏/杜建录主编.-银川:宁夏人民出版社,2016 |
| 286页:图;25cm |
| 宁夏社科规划重点委托项目 |
| ISBN 978-7-227-06302-5:CNY78.00 |
| 《神秘西夏》以大量的历史文献、文物、遗址、遗存考古取证为依据,用理性的心理学剖析手法和历史的辩证视角分析西夏的政治、经济、文化和军事现象,通过追述西夏王朝的整个过程,构筑了一个坚实的、以历史事实为积淀的平台,形成多元素、多线索、多角度并行的纪录方式,丰富了中国纪录片文字记述的新形态。 |
| ● |
| 相关链接 |
|
|
|
|
正题名:神秘西夏
索取号:K246.3/26
 
预约/预借
| 序号 | 登录号 | 条形码 | 馆藏地/架位号 | 状态 | 备注 |
| 1 | 1112807 | 211128073 | 第二样本阅览室/ [索取号:K246.3/26] | 在馆 | |
| 2 | 1112808 | 211128082 | 教育系资料室/ [索取号:K246.3/26] | 在馆 | |
| 3 | 1112809 | 211128091 | 教育系资料室/ [索取号:K246.3/26] | 在馆 | |
| 4 | 1112810 | 211128108 | 第二借阅区/ [索取号:K246.3/26] | 在馆 |